[Event "V Festival Costa Viola A"]
[Site "Palmi ITA"]
[Date "2012.01.03"]
[Round "4"]
[White "Stromboli, Ettore"]
[Black "Epishin, Vladimir V."]
[Result "1/2-1/2"]
[WhiteElo "2302"]
[BlackElo "2561"]
[PlyCount "86"]
[EventDate "2012.01.02"]

1. e4 c5 2. Nf3 Nc6 3. d4 cxd4 4. Nxd4 Nf6 5. Nc3 h6 6. Nxc6 bxc6 7. e5 Nh7 8.
Bc4 d5 9. exd6 Qxd6 10. Qe2 e6 11. O-O Be7 12. Rd1 Qc7 13. Ne4 O-O 14. Bd2 Kh8
15. Bc3 f6 16. Rd2 f5 17. Ng3 Bf6 18. Bxf6 Nxf6 19. Re1 Qf4 20. Red1 e5 21. Rd8
Bb7 22. Rxa8 Bxa8 23. Be6 c5 24. Bxf5 h5 25. h4 e4 26. Qe3 Qxh4 27. Qxc5 Re8
28. Bg6 Rg8 29. Bxh5 e3 30. Bf3 Bxf3 31. gxf3 Re8 32. Re1 exf2+ 33. Qxf2 Rxe1+
34. Qxe1 Qd4+ 35. Qf2 Qxb2 36. Qxa7 Qxc2 37. Qb8+ Kh7 38. Qb3 Qd2 39. Qe6 Nd5
40. Qf5+ Kg8 41. Qc8+ Kh7 42. Qf5+ Kg8 43. Qc8+ Kh7 1/2-1/2

[Event "V Festival Costa Viola A"]
[Site "Palmi ITA"]
[Date "2012.01.04"]
[Round "5"]
[White "Blasco, Domenico"]
[Black "Marzaduri, Riccardo"]
[Result "1-0"]
[WhiteElo "1938"]
[BlackElo "1830"]
[PlyCount "149"]
[EventDate "2012.01.02"]

1. d4 Nf6 2. Nf3 g6 3. Nc3 d6 4. e4 Bg7 5. Be3 Nbd7 6. Qd2 h5 7. O-O-O Ng4 8.
Bg5 f6 9. h3 Nh6 10. Be3 Nb6 11. Kb1 c6 12. Bd3 Nf7 13. Nh4 g5 14. Nf5 Bxf5 15.
exf5 d5 16. g4 h4 17. Rhe1 Qc7 18. f3 O-O-O 19. Qg2 Rhe8 20. Bg1 Rg8 21. Bh2
Qd7 22. Re6 Rde8 23. Rde1 Nd8 24. R6e3 Bh6 25. Qe2 Bf8 26. f4 Na8 27. fxg5 Rxg5
28. Qf2 a6 29. Qf4 Nc7 30. Na4 Qd6 31. Qxd6 exd6 32. Rxe8 Nxe8 33. Rxe8 Rg7 34.
Rxf8 Re7 35. b3 b5 36. Rxd8+ Kxd8 37. Nc3 Re1+ 38. Kb2 Rh1 39. Bxd6 Rxh3 40.
Ne2 Ke8 41. Nf4 Rh1 42. Nh5 Kf7 43. a4 Rg1 44. axb5 axb5 45. Nf4 Rxg4 46. Ne6
Ke8 47. Kc3 Kd7 48. Bb8 Kc8 49. Bf4 Kb7 50. Kb4 h3 51. Bd6 Kc8 52. Kc5 Kd7 53.
Nf8+ Ke8 54. Ne6 Kd7 55. Nf8+ Ke8 56. Kxc6 Rxd4 57. Ne6 Rh4 58. Kxd5 h2 59.
Bxh2 Rxh2 60. Bxb5+ Ke7 61. Bd3 Rh4 62. Kc5 Kd7 63. b4 Kc8 64. b5 Kb7 65. Kd6
Kb6 66. Ke7 Rh6 67. Kf7 Kb7 68. Kg7 Rh4 69. Kxf6 Ka7 70. Ke7 Rh7+ 71. Ke8 Rh8+
72. Kf7 Rb8 73. f6 Rb7+ 74. Kg6 Rb6 75. Kf5 1-0

[Event "V Festival Costa Viola A"]
[Site "Palmi ITA"]
[Date "2012.01.04"]
[Round "5"]
[White "Buda, Elvin"]
[Black "Furnari, Francesco"]
[Result "0-1"]
[WhiteElo "1917"]
[BlackElo "1833"]
[PlyCount "102"]
[EventDate "2012.01.02"]

1. d4 g6 2. Nf3 Bg7 3. Nc3 Nf6 4. Bf4 d6 5. Qd2 Nbd7 6. Bh6 O-O 7. Bxg7 Kxg7 8.
O-O-O c5 9. e4 Qa5 10. Kb1 a6 11. e5 Ne8 12. g4 cxd4 13. Qxd4 Nxe5 14. h4 f6
15. Nh2 Qc5 16. Be2 Qxd4 17. Rxd4 b5 18. f4 Bb7 19. Rg1 Nc6 20. Rd3 Nc7 21. f5
Ne5 22. Rdg3 g5 23. hxg5 fxg5 24. Nf3 Bxf3 25. Bxf3 Rab8 26. Be4 h6 27. Rh3 e6
28. fxe6 Nxe6 29. b3 Nf4 30. Re3 b4 31. Ne2 Nxe2 32. Rxe2 Rf4 33. Rd1 Rb6 34.
Bd5 Rxg4 35. Re4 Rxe4 36. Bxe4 Nf7 37. c4 bxc3 38. Kc2 Kf6 39. Kxc3 g4 40. Rf1+
Ke5 41. Bg6 Ng5 42. Bh5 g3 43. Kd3 Rb4 44. Rg1 Rh4 45. Be2 Ne4 46. Bf3 d5 47.
Be2 Rh2 48. Ke3 h5 49. Bxa6 Rxa2 50. Bf1 h4 51. Bg2 Rxg2 0-1

[Event "V Festival Costa Viola A"]
[Site "Palmi ITA"]
[Date "2012.01.04"]
[Round "5"]
[White "Cafaro, Luca"]
[Black "Cordi', Domenico"]
[Result "0-1"]
[WhiteElo "1890"]
[BlackElo "2059"]
[PlyCount "74"]
[EventDate "2012.01.02"]

1. e4 c5 2. Nf3 d6 3. d4 cxd4 4. Nxd4 Nf6 5. Nc3 a6 6. Be3 e5 7. Nb3 Be7 8. f3
Qc7 9. Qd2 Be6 10. O-O-O O-O 11. g4 Rc8 12. h4 d5 13. g5 d4 14. gxf6 dxc3 15.
Qxc3 Qxc3 16. bxc3 Bxf6 17. Kb2 Nd7 18. Bh3 Bxh3 19. Rxh3 Rc7 20. Rh2 Rac8 21.
Rd3 h5 22. Rhd2 Nf8 23. Na5 Ne6 24. Bb6 Re7 25. Rd7 Rxd7 26. Rxd7 Bxh4 27. Rxb7
Be1 28. c4 h4 29. Rd7 Rb8 30. Rb7 Rxb7 31. Nxb7 Nd4 32. c5 h3 33. c6 Nxc6 34.
Bg1 Bg3 35. Nc5 Bf2 36. Bh2 Bxc5 37. Kc3 Be3 0-1

[Event "V Festival Costa Viola A"]
[Site "Palmi ITA"]
[Date "2012.01.04"]
[Round "5"]
[White "Cangiano, Federico"]
[Black "Marzaduri, Marco R."]
[Result "1-0"]
[WhiteElo "1963"]
[BlackElo "1848"]
[PlyCount "123"]
[EventDate "2012.01.02"]

1. d4 d5 2. Nf3 Nf6 3. e3 e6 4. Bd3 c5 5. b3 Nc6 6. Bb2 cxd4 7. exd4 Bd6 8. O-O
O-O 9. Nbd2 Nb4 10. Be2 Ne4 11. a3 Nc6 12. Bd3 f5 13. c4 Rf6 14. Ne5 Rh6 15.
Ndf3 g5 16. Bc1 Nxd4 17. Bxe4 Nxf3+ 18. Nxf3 dxe4 19. Bxg5 Bxh2+ 20. Kh1 Qxd1
21. Raxd1 Rh5 22. Nxh2 Rxg5 23. Rd8+ Kf7 24. Rfd1 b6 25. Nf1 Rg8 26. R8d6 Ba6
27. Ne3 f4 28. Nc2 Kf6 29. Nd4 Rge8 30. Nc6 Bb7 31. Nb4 e3 32. fxe3 f3 33. Nd5+
Ke5 34. Nc7 fxg2+ 35. Kg1 Bf3 36. R1d2 h5 37. Nxa8 Bxa8 38. Rd8 Rxd8 39. Rxd8
Bf3 40. Rd4 Be4 41. Rd7 a5 42. Rg7 Bc6 43. Kf2 h4 44. Rh7 b5 45. cxb5 Bd5 46.
Rxh4 Bxb3 47. Kxg2 Kd5 48. a4 Kc5 49. Kf2 e5 50. Ke2 Bd5 51. Kd2 e4 52. Kc3 Bb7
53. Rh5+ Kd6 54. Kd4 Ba8 55. Rh6+ Ke7 56. Kc5 Kd7 57. Ra6 Bb7 58. Rxa5 Kc7 59.
Ra7 Kb8 60. Rxb7+ Kxb7 61. Kd4 Kb6 62. Kxe4 1-0

[Event "V Festival Costa Viola A"]
[Site "Palmi ITA"]
[Date "2012.01.04"]
[Round "5"]
[White "Carlomagno, Vincenzo"]
[Black "Familari, Giuseppe"]
[Result "1/2-1/2"]
[WhiteElo "1970"]
[BlackElo "1967"]
[PlyCount "84"]
[EventDate "2012.01.02"]

1. e4 e6 2. d3 d5 3. Nd2 Nf6 4. Ngf3 b6 5. g3 dxe4 6. dxe4 Bc5 7. Bb5+ Bd7 8.
Bxd7+ Nbxd7 9. Qe2 c6 10. O-O Qc7 11. Nb3 e5 12. a4 O-O 13. Bg5 Be7 14. Nh4 g6
15. f4 Kg7 16. f5 Rfe8 17. fxg6 hxg6 18. Kh1 c5 19. Nd2 Qc6 20. Rf2 Nh7 21.
Bxe7 Rxe7 22. Nhf3 Rd8 23. b3 Qc7 24. a5 Nb8 25. axb6 axb6 26. Rff1 Nf6 27. Ra8
Nc6 28. Rxd8 Qxd8 29. Nc4 Nd4 30. Qd3 Qc7 31. Nxd4 exd4 32. e5 Ng4 33. Qf3 Nxe5
34. Qf6+ Kg8 35. Nxe5 Qxe5 36. Qxb6 Qe2 37. Qf6 Qe5 38. Kg2 Qe3 39. Qf2 Qc3 40.
Qf6 Rd7 41. Qc6 Re7 42. Qf6 Qe3 1/2-1/2

[Event "V Festival Costa Viola A"]
[Site "Palmi ITA"]
[Date "2012.01.04"]
[Round "5"]
[White "Collutiis, Duilio"]
[Black "Stella, Andrea"]
[Result "1/2-1/2"]
[WhiteElo "2477"]
[BlackElo "2442"]
[PlyCount "35"]
[EventDate "2012.01.02"]

1. g3 Nf6 2. Bg2 e5 3. c4 c6 4. d4 Bb4+ 5. Bd2 Bxd2+ 6. Qxd2 d6 7. Nc3 O-O 8.
e3 Be6 9. Rd1 Na6 10. b3 exd4 11. Qxd4 Qa5 12. Qd2 Nc7 13. Nge2 d5 14. cxd5
Ncxd5 15. Nxd5 Qxd2+ 16. Rxd2 Bxd5 17. Bxd5 Nxd5 18. e4 1/2-1/2

[Event "V Festival Costa Viola A"]
[Site "Palmi ITA"]
[Date "2012.01.04"]
[Round "5"]
[White "Damia, Angelo"]
[Black "Pomaro, Alberto"]
[Result "0-1"]
[WhiteElo "2303"]
[BlackElo "2369"]
[PlyCount "88"]
[EventDate "2012.01.02"]

1. e4 e6 2. d4 d5 3. Nc3 Bb4 4. a3 Bxc3+ 5. bxc3 dxe4 6. Qg4 Nf6 7. Qxg7 Rg8 8.
Qh6 c5 9. Bg5 Nbd7 10. Bb5 Rg6 11. Qh4 a6 12. Bxd7+ Bxd7 13. Ne2 cxd4 14. Bxf6
Qxf6 15. Qxf6 Rxf6 16. cxd4 Rc8 17. c3 Bb5 18. Rc1 Bd3 19. Ng3 Kd7 20. Nh5 Rf5
21. g4 Ra5 22. Kd2 Rxa3 23. Rhe1 f5 24. d5 exd5 25. gxf5 Kd6 26. Nf4 Bb5 27.
Ne6 Bd7 28. Nd4 b5 29. Rg1 b4 30. Rg3 Raxc3 31. Rgxc3 Rxc3 32. Rxc3 bxc3+ 33.
Kxc3 Ke5 34. f3 Bxf5 35. fxe4 dxe4 36. Nc2 Kf4 37. Kd2 a5 38. Ke2 a4 39. Na3
Bg4+ 40. Ke1 e3 41. Nb1 Bf5 42. Nc3 a3 43. Ne2+ Ke5 44. Nc1 Be6 0-1

[Event "V Festival Costa Viola A"]
[Site "Palmi ITA"]
[Date "2012.01.04"]
[Round "5"]
[White "Drasko, Milan"]
[Black "Caprio, Guido"]
[Result "1/2-1/2"]
[WhiteElo "2459"]
[BlackElo "2353"]
[PlyCount "21"]
[EventDate "2012.01.02"]

1. Nf3 Nf6 2. g3 c5 3. c4 b6 4. Bg2 Bb7 5. O-O e6 6. Nc3 a6 7. d4 cxd4 8. Qxd4
d6 9. Rd1 Be7 10. Bg5 Nbd7 11. Qd2 1/2-1/2

[Event "V Festival Costa Viola A"]
[Site "Palmi ITA"]
[Date "2012.01.04"]
[Round "5"]
[White "Gangemi, Salvatore"]
[Black "Carbone, Stefano"]
[Result "0-1"]
[WhiteElo "2085"]
[BlackElo "1985"]
[PlyCount "53"]
[EventDate "2012.01.02"]

1. Nf3 Nf6 2. c4 c6 3. g3 d5 4. cxd5 cxd5 5. Bg2 g6 6. Qa4+ Qd7 7. Qb3 Nc6 8.
d4 Ne4 9. Nc3 Nxc3 10. Qxc3 Bg7 11. Bf4 O-O 12. O-O e6 13. Rac1 Qe7 14. Bg5 Qd6
15. Bf4 Qe7 16. a3 Bd7 17. b4 Rfe8 18. Qd2 b6 19. Bh6 Bh8 20. Rfe1 Nd8 21. Qf4
Bb5 22. e4 dxe4 23. Rxe4 Bc6 24. Ree1 Qf6 25. Qe3 Qe7 26. Nh4 Bxg2 27. Nxg2 {
...} 0-1

[Event "V Festival Costa Viola A"]
[Site "Palmi ITA"]
[Date "2012.01.04"]
[Round "5"]
[White "Giuliano, Vincenzo"]
[Black "Pinton, Maurizio"]
[Result "0-1"]
[WhiteElo "1891"]
[BlackElo "2008"]
[PlyCount "98"]
[EventDate "2012.01.02"]

1. d4 e6 2. c4 f5 3. Nc3 Nf6 4. g3 Be7 5. Bg2 O-O 6. e4 fxe4 7. Qb3 d6 8. Nxe4
Nc6 9. Ne2 Kh8 10. h4 e5 11. d5 Nd4 12. Nxd4 exd4 13. Bf4 Bf5 14. Nxf6 Bxf6 15.
O-O b6 16. Bf3 Bh3 17. Bg2 Bxg2 18. Kxg2 Bxh4 19. Rh1 Bg5 20. Bxg5 Qxg5 21. Qd3
h6 22. Qxd4 Rf6 23. Qe3 Qg6 24. Rhe1 Raf8 25. Re2 Qg4 26. b3 Rf3 27. Qe6 R3f5
28. f4 R8f6 29. Qc8+ Kh7 30. Re8 Rxf4 31. Qxg4 Rxg4 32. Re7 Rfg6 33. Re3 h5 34.
Rh1 Kh6 35. Kf2 Rf6+ 36. Ke2 g5 37. Re8 Rxg3 38. Rh8+ Kg6 39. R8xh5 Rf4 40.
Rh6+ Kf5 41. R1h2 Rc3 42. Kd2 Rcf3 43. Ke2 g4 44. R6h5+ Ke4 45. Ke1 Rf1+ 46.
Ke2 Ra1 47. Kd2 Rxa2+ 48. Kc3 Rxh2 49. Rxh2 g3 0-1

[Event "V Festival Costa Viola A"]
[Site "Palmi ITA"]
[Date "2012.01.04"]
[Round "5"]
[White "Gregori, Giacomo"]
[Black "Quattrone, Andrea"]
[Result "1/2-1/2"]
[WhiteElo "2023"]
[BlackElo "1790"]
[PlyCount "69"]
[EventDate "2012.01.02"]

1. c4 Nf6 2. g3 e5 3. Bg2 d5 4. cxd5 Nxd5 5. Nc3 Be6 6. Nf3 Nc6 7. d3 f6 8. O-O
Qd7 9. d4 O-O-O 10. e4 Nxc3 11. bxc3 exd4 12. cxd4 Nxd4 13. Nxd4 Qxd4 14. Qc2
Qxa1 15. Bf4 Qxf1+ 16. Bxf1 Bd6 17. Be3 Kb8 18. Qa4 b6 19. h3 Bc8 20. Qc4 Rhe8
21. a4 Bb7 22. Bg2 a5 23. Kh2 Re7 24. f3 h6 25. Qb3 Rde8 26. Qd3 Rd8 27. Qb3
Red7 28. Bf1 Be5 29. Kg2 Bd6 30. Bb5 Re7 31. Bc4 Rde8 32. Bb5 Rd8 33. Bc4 Rf8
34. Qd3 Rd8 35. Qb3 1/2-1/2

[Event "V Festival Costa Viola A"]
[Site "Palmi ITA"]
[Date "2012.01.04"]
[Round "5"]
[White "Kukov, Velislav"]
[Black "Stromboli, Carlo"]
[Result "1-0"]
[WhiteElo "2414"]
[BlackElo "2336"]
[PlyCount "103"]
[EventDate "2012.01.02"]

1. Nf3 Nf6 2. c4 e6 3. g3 Be7 4. Bg2 O-O 5. d4 d5 6. Qc2 dxc4 7. Qxc4 a6 8. Qb3
Nbd7 9. O-O c5 10. Rd1 cxd4 11. Nxd4 Qb6 12. Nc3 Qa5 13. Bd2 Qh5 14. h3 Nc5 15.
Qc2 e5 16. g4 Nxg4 17. hxg4 Bxg4 18. Nf3 Bf5 19. e4 Bg4 20. Nd5 Bd6 21. b4 Nxe4
22. Qxe4 f5 23. Qe3 e4 24. Nf4 Bxf4 25. Qxf4 exf3 26. Bf1 Rf6 27. Qg5 Qf7 28.
Bc3 h6 29. Qf4 Rc6 30. Rac1 Kh7 31. Rd6 Rac8 32. Rxc6 Rxc6 33. Be5 Rg6 34. Rc7
Qxa2 35. Qd4 Qg8 36. Kh2 Rg5 37. Bd3 Qe8 38. Bg3 Qh5+ 39. Kg1 Qh3 40. Bf1 Qh5
41. Rc8 b5 42. Qd8 Qf7 43. Qh8+ Kg6 44. Bf4 Qf6 45. Qe8+ Kh7 46. Qg8+ Kg6 47.
Qe8+ Kh7 48. Bxg5 Qxg5 49. Qd8 Qf4 50. Qg8+ Kg6 51. Rc6+ Kh5 52. Qxg7 1-0

[Event "V Festival Costa Viola A"]
[Site "Palmi ITA"]
[Date "2012.01.04"]
[Round "5"]
[White "Santagati, Alessandro"]
[Black "Stromboli, Ettore"]
[Result "0-1"]
[WhiteElo "2239"]
[BlackElo "2302"]
[PlyCount "42"]
[EventDate "2012.01.02"]

1. e4 e6 2. d4 d5 3. Nc3 Bb4 4. e5 c5 5. a3 Bxc3+ 6. bxc3 Ne7 7. Qg4 Qc7 8.
Qxg7 Rg8 9. Qxh7 cxd4 10. Ne2 Nbc6 11. f4 Bd7 12. Qd3 dxc3 13. Nxc3 a6 14. h4
O-O-O 15. h5 Nf5 16. Rh3 Na5 17. h6 Rg6 18. h7 Rh8 19. Bd2 Nc4 20. g3 Nb2 21.
Qf3 Nd4 0-1

[Event "V Festival Costa Viola A"]
[Site "Palmi ITA"]
[Date "2012.01.04"]
[Round "5"]
[White "Valguarnera, Girolamo"]
[Black "Petkov, Vladimir"]
[Result "0-1"]
[WhiteElo "2139"]
[BlackElo "2519"]
[PlyCount "132"]
[EventDate "2012.01.02"]

1. e4 e5 2. Nf3 Nc6 3. Bb5 Nf6 4. Nc3 Bd6 5. d3 h6 6. h3 a6 7. Ba4 b5 8. Bb3
Bc5 9. O-O d6 10. Nd5 Na5 11. Be3 Nxb3 12. Nxf6+ Qxf6 13. axb3 O-O 14. Qe2 Bxe3
15. fxe3 Qe7 16. Qf2 c6 17. Rae1 a5 18. Nh4 a4 19. bxa4 bxa4 20. Ra1 d5 21. Nf5
Bxf5 22. exf5 f6 23. Ra3 Qb4 24. c3 Qb5 25. Qc2 Rfb8 26. Rb1 c5 27. Rba1 Qxb2
28. Qd1 Kh7 29. Rxa4 Rxa4 30. Rxa4 Qb1 31. Ra1 Qxd1+ 32. Rxd1 Rb2 33. d4 exd4
34. exd4 c4 35. Rf1 Rc2 36. Rf3 h5 37. h4 Kg8 38. Re3 Kf7 39. Rg3 Re2 40. Rf3
Re4 41. g3 Re2 42. Kf1 Rc2 43. Ke1 Ke7 44. Kf1 Kd7 45. Re3 Kc6 46. Ke1 Kb5 47.
Re7 Rxc3 48. Rxg7 Rf3 49. Ke2 Rd3 50. Rg6 Kb4 51. Rxf6 Rxg3 52. Rg6 Ra3 53. f6
Ra8 54. f7 Rf8 55. Rf6 Kc3 56. Ke3 Kc2 57. Kf4 Kd3 58. Ke5 c3 59. Ke6 c2 60.
Rf1 Kxd4 61. Ke7 Rxf7+ 62. Kxf7 Kc3 63. Kg6 d4 64. Kxh5 d3 65. Kg6 d2 66. h5
d1=Q 0-1

[Event "V Festival Costa Viola A"]
[Site "Palmi ITA"]
[Date "2012.01.04"]
[Round "6"]
[White "Blasco, Domenico"]
[Black "Pisacane, Pietro"]
[Result "1/2-1/2"]
[WhiteElo "1938"]
[BlackElo "2004"]
[PlyCount "75"]
[EventDate "2012.01.02"]

1. d4 c5 2. e3 Nf6 3. Nf3 d5 4. c4 e6 5. a3 Nc6 6. dxc5 Bxc5 7. b4 Be7 8. Bb2
O-O 9. Nc3 a5 10. b5 Nb8 11. Be2 b6 12. cxd5 exd5 13. O-O Bb7 14. Nd4 Ne4 15.
Nxe4 dxe4 16. Rc1 Bc5 17. Qb3 Qg5 18. Qc3 Nd7 19. Nb3 Rac8 20. Nxc5 Rxc5 21.
Qd2 Rd5 22. Qe1 Nc5 23. Bd4 Rxd4 24. h4 Qxh4 25. exd4 Ne6 26. f3 Qg5 27. fxe4
Bxe4 28. Bf3 Bd3 29. Rf2 Nf4 30. Rb2 Bxb5 31. Rc3 Re8 32. Qc1 Bd7 33. Rxb6 Qg3
34. Re3 Nh3+ 35. Kh1 Nf2+ 36. Kg1 Nh3+ 37. Kh1 Nf2+ 38. Kg1 1/2-1/2

[Event "V Festival Costa Viola A"]
[Site "Palmi ITA"]
[Date "2012.01.04"]
[Round "6"]
[White "Carbone, Stefano"]
[Black "Damia, Angelo"]
[Result "0-1"]
[WhiteElo "1985"]
[BlackElo "2303"]
[PlyCount "80"]
[EventDate "2012.01.02"]

1. Nf3 Nf6 2. c4 c6 3. b3 d5 4. Bb2 g6 5. g3 Bg7 6. Bg2 O-O 7. O-O Bg4 8. d4
Bxf3 9. Bxf3 Ne4 10. Nd2 f5 11. Bg2 e6 12. e3 Nd7 13. f4 c5 14. Nxe4 dxe4 15.
Rf2 cxd4 16. exd4 Nf6 17. Rd2 Qb6 18. Qe2 Rad8 19. Rad1 Rd7 20. c5 Qc6 21. b4
a6 22. Bf1 Nd5 23. a3 Rfd8 24. Qe1 h6 25. Bc4 g5 26. Bxd5 Qxd5 27. Qe3 Bf6 28.
Kh1 Qc4 29. Re1 Qd5 30. Red1 Kh7 31. Kg1 gxf4 32. gxf4 Rg7+ 33. Rg2 Rxg2+ 34.
Kxg2 Qa2 35. Rd2 Rg8+ 36. Kh3 Qb1 37. Qe2 Qg1 38. Rd1 Qg6 39. Rf1 Qf7 40. Bc3
Rg4 0-1

[Event "V Festival Costa Viola A"]
[Site "Palmi ITA"]
[Date "2012.01.04"]
[Round "6"]
[White "Cordi', Domenico"]
[Black "Rotunno, Giuseppe"]
[Result "0-1"]
[WhiteElo "2059"]
[BlackElo "2026"]
[PlyCount "70"]
[EventDate "2012.01.02"]

1. e4 d6 2. d4 Nf6 3. Bd3 g6 4. Ne2 Bg7 5. O-O O-O 6. Nd2 Nc6 7. c3 e5 8. b3 a6
9. Bb2 b5 10. Rc1 Bb7 11. d5 Ne7 12. c4 bxc4 13. Nxc4 c6 14. dxc6 Bxc6 15. f3
Ne8 16. Qd2 Qb8 17. Kh1 Ra7 18. Rfd1 Ba8 19. Nc3 Nf6 20. Bf1 d5 21. exd5 Nfxd5
22. Nxd5 Nxd5 23. Qe1 Re8 24. Na5 Bh6 25. Nc6 Bxc6 26. Rxc6 Ne3 27. Rd3 Nxf1
28. Qxf1 Rc7 29. Rxc7 Qxc7 30. Qd1 Bg7 31. Rd7 Qa5 32. a3 h5 33. b4 Qb6 34. h3
Qf2 35. Bc3 Bh6 0-1

[Event "V Festival Costa Viola A"]
[Site "Palmi ITA"]
[Date "2012.01.04"]
[Round "6"]
[White "Familari, Giuseppe"]
[Black "Cafaro, Luca"]
[Result "1-0"]
[WhiteElo "1967"]
[BlackElo "1890"]
[PlyCount "105"]
[EventDate "2012.01.02"]

1. d4 f5 2. c4 Nf6 3. Bg5 d5 4. Nc3 dxc4 5. e3 Be6 6. Bxf6 exf6 7. d5 Bf7 8.
Bxc4 Bb4 9. Qa4+ c6 10. Qxb4 b5 11. Bb3 a5 12. Qc5 Qe7 13. Qxe7+ Kxe7 14. dxc6
Bxb3 15. c7 Bc4 16. cxb8=Q Raxb8 17. Nf3 b4 18. Ne2 Rbc8 19. Ned4 g6 20. Kd2
Rhd8 21. b3 Bd5 22. Rac1 a4 23. Rxc8 Rxc8 24. Rc1 Ra8 25. Nc6+ Kd6 26. Nxb4
axb3 27. Nxd5 Rxa2+ 28. Ke1 Kxd5 29. Nd2 f4 30. Rb1 fxe3 31. fxe3 b2 32. Ke2 f5
33. Kd1 g5 34. Kc2 Ra3 35. Rf1 Rxe3 36. Rxf5+ Ke6 37. Rf2 Re5 38. Kxb2 Rc5 39.
Rf6+ Kxf6 40. Ne4+ Kf5 41. Nxc5 Kf4 42. Ne6+ Ke3 43. Nxg5 h5 44. Nh3 Ke2 45.
Kc2 Kf1 46. Nf4 Kg1 47. h4 Kf2 48. g4 hxg4 49. h5 Kf3 50. h6 Kxf4 51. h7 g3 52.
h8=Q g2 53. Qh2+ 1-0

[Event "V Festival Costa Viola A"]
[Site "Palmi ITA"]
[Date "2012.01.04"]
[Round "6"]
[White "Furnari, Francesco"]
[Black "Carlomagno, Vincenzo"]
[Result "1/2-1/2"]
[WhiteElo "1833"]
[BlackElo "1970"]
[PlyCount "101"]
[EventDate "2012.01.02"]

1. e4 c5 2. Nf3 d6 3. d4 cxd4 4. Nxd4 Nf6 5. Nc3 a6 6. Bd3 e5 7. Nf3 Be7 8. h3
b5 9. a3 Bb7 10. O-O Nbd7 11. Be3 O-O 12. Qd2 Nc5 13. Bxc5 dxc5 14. Rfe1 c4 15.
Bf1 Qxd2 16. Nxd2 Rad8 17. Nf3 Bd6 18. Rad1 Bc7 19. Rxd8 Rxd8 20. g3 Bc6 21.
Bg2 Kf8 22. Re2 g6 23. Rd2 Rxd2 24. Nxd2 Ba5 25. Kf1 Bxc3 26. bxc3 Nd7 27. Ke2
Nc5 28. Ke3 Ke7 29. f3 Na4 30. Nb1 Kd6 31. Bf1 f5 32. h4 Nc5 33. Nd2 fxe4 34.
Nxe4+ Nxe4 35. fxe4 Bd7 36. Be2 h5 37. Bf3 Kc5 38. Kd2 Kb6 39. Kc1 Kc5 40. Bg2
Bg4 41. Kd2 a5 42. Bh1 Kb6 43. Kc1 b4 44. axb4 axb4 45. Kb2 bxc3+ 46. Kxc3 Kc5
47. Bg2 Be2 48. Kd2 Bg4 49. c3 Kb5 50. Kc1 Ka4 51. Kb2 1/2-1/2

[Event "V Festival Costa Viola A"]
[Site "Palmi ITA"]
[Date "2012.01.04"]
[Round "6"]
[White "Lazic, Miroljub"]
[Black "Gregori, Giacomo"]
[Result "1-0"]
[WhiteElo "2470"]
[BlackElo "2023"]
[PlyCount "55"]
[EventDate "2012.01.02"]

1. e4 g6 2. d4 Bg7 3. Nc3 c6 4. h3 d5 5. Nf3 b5 6. Bd3 b4 7. Ne2 dxe4 8. Bxe4
Nf6 9. Bd3 a5 10. a3 Bb7 11. axb4 axb4 12. Rxa8 Bxa8 13. Bd2 Nbd7 14. Bxb4 O-O
15. Nc3 Qb6 16. Ba3 c5 17. dxc5 Nxc5 18. O-O Rd8 19. Bxc5 Qxc5 20. Qe2 Nh5 21.
Qe3 Qxe3 22. fxe3 Rc8 23. Na4 Bc6 24. b3 Ng3 25. Re1 Bxa4 26. bxa4 Ra8 27. Bb5
Ne4 28. Bc6 1-0

[Event "V Festival Costa Viola A"]
[Site "Palmi ITA"]
[Date "2012.01.04"]
[Round "6"]
[White "Marzaduri, Marco R."]
[Black "Pierandrei, Danilo"]
[Result "1/2-1/2"]
[WhiteElo "1848"]
[BlackElo "1888"]
[PlyCount "103"]
[EventDate "2012.01.02"]

1. e4 e5 2. Nf3 Nf6 3. Bc4 Nxe4 4. d3 Nd6 5. Bb3 Nc6 6. O-O Be7 7. Re1 O-O 8.
Nxe5 Nxe5 9. Rxe5 Re8 10. Nc3 c6 11. Bf4 Bf6 12. Rxe8+ Nxe8 13. Qf3 d5 14. Re1
Be6 15. Qg3 Bh4 16. Qf3 Nd6 17. Ne2 Qd7 18. h3 Bf6 19. c3 Nf5 20. g4 Nh4 21.
Qg3 Ng6 22. d4 Nxf4 23. Nxf4 Re8 24. Bc2 Bg5 25. Nxe6 fxe6 26. h4 Bd8 27. Qd3
g6 28. g5 Qf7 29. Re3 Qf4 30. Rh3 Qf5 31. Qxf5 exf5 32. Re3 Rxe3 33. fxe3 Kg7
34. Kg2 h6 35. gxh6+ Kxh6 36. Kh3 Kg7 37. b3 Kf6 38. c4 dxc4 39. bxc4 Ke6 40.
e4 fxe4 41. Bxe4 Kf6 42. Kg4 Bc7 43. a4 Bd8 44. c5 Kg7 45. d5 cxd5 46. Bxd5 Be7
47. c6 bxc6 48. Bxc6 a5 49. Be8 Bf6 50. h5 gxh5+ 51. Kxh5 Kf8 52. Bb5 1/2-1/2

[Event "V Festival Costa Viola A"]
[Site "Palmi ITA"]
[Date "2012.01.04"]
[Round "6"]
[White "Marzaduri, Riccardo"]
[Black "Buda, Elvin"]
[Result "1-0"]
[WhiteElo "1830"]
[BlackElo "1917"]
[PlyCount "63"]
[EventDate "2012.01.02"]

1. e4 d5 2. exd5 Nf6 3. c4 e6 4. dxe6 Bxe6 5. d4 Bb4+ 6. Bd2 Qe7 7. Qe2 Nc6 8.
Nf3 Bxd2+ 9. Nbxd2 Nb4 10. Nb3 O-O-O 11. d5 Rhe8 12. O-O-O Nxa2+ 13. Kb1 Bf5+
14. Kxa2 Qxe2 15. Bxe2 Rxe2 16. Nbd4 Rd6 17. Nxe2 Ra6+ 18. Kb3 Rb6+ 19. Kc3
Ne4+ 20. Kd4 Nxf2 21. Ng3 Bg4 22. Rd2 Nxh1 23. Nxh1 f6 24. Kc3 h5 25. Nf2 Bd7
26. Nd3 Be8 27. Nc5 g5 28. Re2 Bg6 29. Nd2 Rd6 30. Nde4 b6 31. Nxd6+ cxd6 32.
Ne4 1-0

[Event "V Festival Costa Viola A"]
[Site "Palmi ITA"]
[Date "2012.01.04"]
[Round "6"]
[White "Pinton, Maurizio"]
[Black "Gangemi, Salvatore"]
[Result "1-0"]
[WhiteElo "2008"]
[BlackElo "2085"]
[PlyCount "45"]
[EventDate "2012.01.02"]

1. f4 d5 2. Nf3 Bf5 3. e3 c6 4. Be2 Bg4 5. O-O e6 6. b3 Be7 7. Bb2 Nf6 8. Ne5
Bxe2 9. Qxe2 Nbd7 10. d3 O-O 11. Nd2 Nxe5 12. fxe5 Nd7 13. Qg4 Qb6 14. Rf3 Bc5
15. Nf1 d4 16. Rg3 g6 17. exd4 Bb4 18. Ne3 Qc7 19. d5 Nxe5 20. Qxb4 cxd5 21.
Qf4 f6 22. d4 g5 23. dxe5 1-0

[Event "V Festival Costa Viola A"]
[Site "Palmi ITA"]
[Date "2012.01.04"]
[Round "6"]
[White "Pomaro, Alberto"]
[Black "Caprio, Guido"]
[Result "1-0"]
[WhiteElo "2369"]
[BlackElo "2353"]
[PlyCount "143"]
[EventDate "2012.01.02"]

1. d4 Nf6 2. c4 e6 3. Nc3 Bb4 4. e3 c5 5. Bd3 Nc6 6. Nf3 Bxc3+ 7. bxc3 d6 8.
O-O e5 9. d5 Ne7 10. Qc2 Bd7 11. e4 h6 12. Nh4 g5 13. Nf3 Ng6 14. Ne1 Nf4 15.
g3 Nh3+ 16. Kh1 Qe7 17. Rb1 b6 18. Ng2 O-O-O 19. a4 Kc7 20. a5 Rb8 21. axb6+
axb6 22. Ne3 h5 23. f3 h4 24. g4 Nf4 25. Rb2 Ra8 26. Bd2 Ra6 27. Rc1 Rha8 28.
Bf1 Ra5 29. Rcb1 R8a6 30. Qc1 Qe8 31. Kg1 Qc8 32. Qd1 Qa8 33. Kf2 Qa7 34. Kg1
Kb7 35. Kf2 Ra2 36. Qc1 Rxb2 37. Rxb2 Ra1 38. Rb1 Ra2 39. Be2 Nxe2 40. Kxe2 Ng8
41. Rb2 f6 42. Nf5 Bxf5 43. gxf5 Qa4 44. Kd3 Ra1 45. Rb1 Rxb1 46. Qxb1 Ka6 47.
Qb2 Nh6 48. Bc1 h3 49. Bd2 Nf7 50. Qc1 b5 51. cxb5+ Qxb5+ 52. c4 Qb3+ 53. Ke2
Nd8 54. Kf2 Nb7 55. Kg3 Kb6 56. Qf1 Qc2 57. Qe2 Ka6 58. Kf2 Na5 59. Bxg5 Qc3
60. Bxf6 Nxc4 61. Bg5 Kb7 62. f6 Qd4+ 63. Be3 Nxe3 64. Qxe3 Qb2+ 65. Qe2 Qd4+
66. Kg3 Qg1+ 67. Kxh3 Kc7 68. Qb5 Qg6 69. Qc6+ Kb8 70. Qxd6+ Ka7 71. Qxc5+ Ka8
72. Qf8+ 1-0